LEADER 01022nam a2200229 i 4500 001 000000216124 003 CaOOAMICUS 005 20220920091931.0 008 121004s1940 gw u000 u ger u 040 $aSeMil$bita 100 1 $aMüssener, Hermann,$d<1886-1970>.$0(OLS)http://semarc/name/30259 245 10$aErgänzungen und Änderungen zum Katholische Eherecht in der Seelsorgspraxis /$cvon Herm. Müssener. 264 1$aDüsseldorf :$bMosella,$c1940. 300 $a63 p. ;$c23 cm. 500 $aRilegato con: 2J IV 81/1 650 4$aMatrimonio - Diritto canonico.$0(OLS)http://semarc/subject/1701 650 4$aDiritto canonico e pastorale.$0(OLS)http://semarc/subject/11916 850 $aSeMil 852 $aSeMil$W1$xVenegono$y1$m2J IV 81/2$j234518$B166543$CSeMilBibl$Z2$F177435 $81 996 $6245$aErgänzungen und Änderungen zum Katholische Eherecht in der Seelsorgspraxis$9(OLS)http://semarc/title/310939 996 $6264$aDüsseldorf :$bMosella$9(OLS)http://semarc/publisher/36943 LEADER 01273nam a2200301 i 4500 001 000000034743 003 CaOOAMICUS 005 20090406000000.0 008 090406s1988 it u000 u ita u 013 $a1716 020 $a88-11-69285-7 040 $aSeMil$bita 100 1 $aDemurger, Alain.$0(OLS)http://semarc/name/15992 245 10$aVita e morte dell'ordine dei Templari :$b1118-1314 /$cAlain Demurger. 250 $aseconda edizione. 260 $aMilano :$bGarzanti,$c1988 (copyr. 1987) 300 $a347 p., [16] p. di tav. ;$c22 cm. 490 0 $aNuova collana storica 500 $aContiene : Cronologie ; Genealogie ; Piante e cartine ; Bibliografia. 650 4$aChiesa - Storia - Medioevo.$0(OLS)http://semarc/subject/3291 650 4$aOrdine dei Templari.$0(OLS)http://semarc/subject/6025 830 0$aNuova collana storica.$0(OLS)http://semarc/title/6885 850 $aSeMil 852 $aSeMil$W1$xVenegono$y1$m3A IV 226$j898$B898$CSeMilBibl$Z2$F898 $81 961 $aAcquisto: Pontiggia (Libreria) 996 $6020$a88-11-69285-7$9(OLS)http://semarc/number/2624 996 $6245$aVita e morte dell'ordine dei Templari :$b1118-1314$9(OLS)http://semarc/title/47151 996 $6260$aMilano :$bGarzanti$9(OLS)http://semarc/publisher/29852